[Event "Thüringenliga 2014/2015"]
[Site "?"]
[Date "2014.10.05"]
[Round "2"]
[White "Siebarth, Marco"]
[Black "Kühn, Martin"]
[Result "1/2-1/2"]
[WhiteElo "1976"]
[BlackElo "1917"]
[PlyCount "67"]
[EventDate "2014.??.??"]
[WhiteTeam "SG Blau-Weiß Stadtilm"]
[BlackTeam "ESV Lok Sömmerda"]

1. f4 d5 2. Nf3 Nf6 3. e3 e6 4. Be2 c5 5. b3 Be7 6. Bb2 O-O 7. O-O Nc6 8. Ne5
Ne4 9. d3 Nd6 10. Qe1 f6 11. Nxc6 bxc6 12. Bf3 Rb8 13. Nd2 Ba6 14. Be2 Qc7 15.
c4 Nf5 16. Bg4 g6 17. e4 Ng7 18. exd5 exd5 19. Qf2 Rbe8 20. Rae1 Bc8 21. Bxc8
Qxc8 22. h3 h5 23. Nf3 Nf5 24. Nh4 Nxh4 25. Qxh4 Qf5 26. Rf3 Rf7 27. g4 hxg4
28. hxg4 Qd7 29. Rh3 Rg7 30. g5 d4 31. gxf6 Bxf6 32. Rxe8+ Qxe8 33. Qxf6 Qe1+
34. Kg2 1/2-1/2

[Event "Thüringenliga 2014/2015"]
[Site "?"]
[Date "2014.10.05"]
[Round "2"]
[White "Siegemund, Joachim"]
[Black "George, Tom"]
[Result "0-1"]
[WhiteElo "1983"]
[BlackElo "1884"]
[PlyCount "82"]
[EventDate "2014.??.??"]
[WhiteTeam "ESV Lok Sömmerda"]
[BlackTeam "SG Blau-Weiß Stadtilm"]

1. e4 c5 2. Nc3 d6 3. g3 g6 4. Bg2 Bg7 5. f4 Nc6 6. Nf3 e6 7. O-O Nge7 8. d3
O-O 9. Be3 Nd4 10. Bxd4 cxd4 11. Ne2 Qb6 12. Rb1 e5 13. Kh1 f5 14. c3 Be6 15.
c4 fxe4 16. Ng5 Bg4 17. dxe4 h6 18. Nf3 Rac8 19. b3 Qa5 20. a4 Rce8 21. Ne1
exf4 22. Rxf4 Rxf4 23. gxf4 Qh5 24. Bf1 Nf5 25. Qd3 Bxe2 26. Bxe2 Ng3+ 27. Qxg3
Qxe2 28. Qxg6 Qf1+ 29. Qg1 Qxf4 30. Ng2 Qxe4 31. Re1 Qc6 32. Rxe8+ Qxe8 33. Qe1
Qf7 34. Qe2 Qf5 35. Qe8+ Bf8 36. Kg1 d3 37. Qe3 d5 38. cxd5 Qxd5 39. Qd2 Bc5+
40. Kf1 Qf3+ 41. Ke1 Bb4 0-1

[Event "Thüringenliga 2014/2015"]
[Site "?"]
[Date "2014.10.05"]
[Round "2"]
[White "Berner, Stephan"]
[Black "Koksch, Robert"]
[Result "1-0"]
[WhiteElo "1870"]
[BlackElo "1941"]
[PlyCount "67"]
[EventDate "2014.??.??"]
[WhiteTeam "SG Blau-Weiß Stadtilm"]
[BlackTeam "ESV Lok Sömmerda"]

1. e4 c6 2. Nc3 d5 3. f4 dxe4 4. Nxe4 Nf6 5. Nf2 Qc7 6. g3 Be6 7. Bg2 Bd5 8.
Nf3 Bxf3 9. Qxf3 e6 10. O-O g6 11. Re1 Bg7 12. f5 gxf5 13. Qxf5 Na6 14. Qg5 Rg8
15. c3 O-O-O 16. d4 Bh8 17. Qh4 Qa5 18. Re5 Qb6 19. Re1 Qa5 20. Qf4 Rd7 21. a4
Nd5 22. Qh4 Nf6 23. Re5 Qb6 24. a5 Qb3 25. Re2 Nc7 26. Bg5 Nce8 27. a6 Qc4 28.
axb7+ Rxb7 29. Rd2 Qb5 30. Bxf6 Nxf6 31. Ne4 Nxe4 32. Qxe4 h5 33. Bf1 Qb6 34.
Ra6 {ZÜ} 1-0

[Event "Thüringenliga 2014/2015"]
[Site "?"]
[Date "2014.10.05"]
[Round "2"]
[White "Kirste, Olaf"]
[Black "Schröter, Maik"]
[Result "1-0"]
[WhiteElo "1889"]
[BlackElo "1801"]
[PlyCount "63"]
[EventDate "2014.??.??"]
[WhiteTeam "ESV Lok Sömmerda"]
[BlackTeam "SG Blau-Weiß Stadtilm"]

1. c4 Nf6 2. Nc3 e6 3. Nf3 Bb4 4. Qc2 O-O 5. e3 b6 6. Be2 Bb7 7. O-O Bxc3 8.
Qxc3 d6 9. b3 Ne4 10. Qc2 Ng5 11. Nxg5 Qxg5 12. f3 Nd7 13. Rf2 Qe7 14. Bd3 g6
15. Bb2 e5 16. f4 f5 17. Qc3 Qf6 18. Raf1 e4 19. Qc1 Qe7 20. Be2 c5 21. g4 h6
22. gxf5 Rxf5 23. Bg4 Rf7 24. Bxd7 Qxd7 25. Rg2 Kh7 26. Kh1 Rg8 27. Qc3 Qe7 28.
Rxg6 Kxg6 29. Rg1+ Kh5 30. Rxg8 Qh4 31. Rg3 d5 32. Qe5+ 1-0

[Event "Thüringenliga 2014/2015"]
[Site "?"]
[Date "2014.10.05"]
[Round "2"]
[White "Rögner, Andreas"]
[Black "Töpfer, Roland"]
[Result "1-0"]
[WhiteElo "1643"]
[BlackElo "1703"]
[PlyCount "129"]
[EventDate "2014.??.??"]
[WhiteTeam "SG Blau-Weiß Stadtilm"]
[BlackTeam "ESV Lok Sömmerda"]

1. d4 Nf6 2. c4 d5 3. Nc3 e6 4. Nf3 Nbd7 5. Bg5 h6 6. Bh4 Be7 7. e3 c6 8. Rc1
O-O 9. Bd3 Re8 10. O-O Nf8 11. Ne5 N6d7 12. Bxe7 Qxe7 13. f4 f5 14. cxd5 cxd5
15. Bxf5 Nxe5 16. fxe5 Qg5 17. Bd3 Qxe3+ 18. Kh1 Bd7 19. Rf3 Qg5 20. Rg3 Qe7
21. Qh5 Kh8 22. Rf1 Rec8 23. Rf7 Rxc3 24. bxc3 Qa3 25. Rgxg7 Qc1+ 26. Bf1 Be8
27. Rxf8+ Kxg7 28. Qf3 Qg5 29. h3 Bh5 30. Qf6+ Qxf6 31. Rxf6 Rf8 32. Rxf8 Kxf8
33. Kh2 Bg6 34. Kg3 Bb1 35. a3 a6 36. Kh4 Kg7 37. g4 b5 38. Be2 Bg6 39. Kg3 Bc2
40. h4 Bb1 41. g5 hxg5 42. hxg5 Bg6 43. Kh4 Kf8 44. Bh5 Bd3 45. Bg4 Kf7 46. Kh5
Be4 47. Kh6 Bd3 48. Bh5+ Kg8 49. Be8 Kf8 50. Bd7 Bf5 51. Bc8 a5 52. Bd7 Kf7 53.
Bxb5 Be4 54. Be2 Bf5 55. Bh5+ Kg8 56. g6 Bh3 57. Be2 Bf5 58. Bb5 Kf8 59. Bd7
Ke7 60. Bc8 Kf8 61. Kh7 Ke7 62. Kg7 Bg4 63. Ba6 Bf5 64. Be2 Ke8 65. Bh5 1-0

[Event "Thüringenliga 2014/2015"]
[Site "?"]
[Date "2014.10.05"]
[Round "2"]
[White "Berger, Nils"]
[Black "Werner, Justus"]
[Result "1/2-1/2"]
[WhiteElo "1604"]
[BlackElo "1817"]
[PlyCount "70"]
[EventDate "2014.??.??"]
[WhiteTeam "ESV Lok Sömmerda"]
[BlackTeam "SG Blau-Weiß Stadtilm"]

1. e4 c5 2. Nc3 e6 3. f4 Nc6 4. Bb5 Nge7 5. Nf3 a6 6. Bxc6 Nxc6 7. O-O g6 8. d4
cxd4 9. Nxd4 Qb6 10. Nce2 Bg7 11. c3 O-O 12. Kh1 Rd8 13. Qb3 Qxb3 14. Nxb3 d5
15. exd5 Rxd5 16. Be3 e5 17. Ng3 exf4 18. Bxf4 Be6 19. Ne4 b6 20. Ng5 Bf5 21.
Nf3 a5 22. Be3 Be4 23. Nbd4 Nxd4 24. Nxd4 Re8 25. Rae1 Bd3 26. Bf2 Kf8 27.
Rxe8+ Kxe8 28. Re1+ Kd7 29. Rd1 Be4 30. Kg1 b5 31. Re1 f5 32. Nb3 a4 33. Nc5+
Kd6 34. Nxe4+ fxe4 35. Bg3+ Be5 1/2-1/2

[Event "Thüringenliga 2014/2015"]
[Site "?"]
[Date "2014.10.05"]
[Round "2"]
[White "Hermannsdörfer, Frank"]
[Black "Zehnter, Sebastian"]
[Result "1-0"]
[WhiteElo "2100"]
[BlackElo "2211"]
[PlyCount "75"]
[EventDate "2014.??.??"]
[WhiteTeam "SV 1861 Liebschwitz"]
[BlackTeam "Ilmenauer SV"]

1. b3 e5 2. Bb2 Nc6 3. e3 Nf6 4. Bb5 Bd6 5. Na3 Na5 6. Be2 a6 7. c4 O-O 8. Nc2
Nc6 9. d3 Re8 10. g4 h6 11. h4 Nh7 12. Nf3 Bf8 13. e4 Bc5 14. Ne3 d6 15. Rg1
Bb4+ 16. Kf1 Nf8 17. Nd5 Bc5 18. Bc1 Nd4 19. g5 h5 20. Nxd4 Bxd4 21. Rb1 c6 22.
Ne3 Bh3+ 23. Ng2 Qb6 24. Rh1 Bxg2+ 25. Kxg2 g6 26. Rf1 Ne6 27. Bf3 Kg7 28. Bd2
Rf8 29. Bxh5 Rh8 30. Bg4 Rxh4 31. Bxe6 fxe6 32. Rh1 Bxf2 33. Qe2 Rxh1 34. Rxh1
Bd4 35. Qf3 Qd8 36. Qh3 Qg8 37. Rf1 Qh8 38. Qxe6 1-0

[Event "Thüringenliga 2014/2015"]
[Site "?"]
[Date "2014.10.05"]
[Round "2"]
[White "Mehlhorn, Uwe"]
[Black "Zeidler, Andreas"]
[Result "0-1"]
[WhiteElo "2093"]
[BlackElo "2163"]
[PlyCount "108"]
[EventDate "2014.??.??"]
[WhiteTeam "Ilmenauer SV"]
[BlackTeam "SV 1861 Liebschwitz"]

1. e4 d6 2. d4 Nf6 3. Nc3 g6 4. Nf3 Bg7 5. Be2 O-O 6. O-O c6 7. a4 b6 8. Re1
Ba6 9. Bg5 h6 10. Be3 Kh7 11. h3 Nfd7 12. Qd2 Bxe2 13. Nxe2 a5 14. c3 Na6 15.
Rad1 c5 16. d5 Nc7 17. c4 Na6 18. Nc3 Nc7 19. Bf4 f6 20. Nh2 Ne5 21. b3 Na6 22.
Bg3 h5 23. f4 Nd7 24. Nf3 Bh6 25. Qc2 Nc7 26. Nb5 Nxb5 27. cxb5 Rf7 28. Nd2 Kh8
29. Nc4 g5 30. fxg5 Bxg5 31. h4 Bh6 32. Qe2 Rh7 33. Rf1 Qg8 34. Kh2 Qg6 35. Rf5
Rg8 36. Rd3 Qg4 37. Qxg4 Rxg4 38. Rxh5 Rxe4 39. Rf5 Bg5 40. Kg1 Bxh4 41. Rf4
Rxf4 42. Bxf4 Kg7 43. Re3 Kg6 44. Re6 Bg5 45. Bg3 Bh6 46. Kf2 Bf8 47. Kf3 Rh5
48. Ne3 Rh1 49. Nc4 Rd1 50. Ke2 Rxd5 51. Bf2 Rh5 52. g4 Rh3 53. Nd2 Kf7 54. Re4
Bh6 0-1

[Event "Thüringenliga 2014/2015"]
[Site "?"]
[Date "2014.10.05"]
[Round "2"]
[White "Gerhardt, Frank"]
[Black "Töpfer, Albrecht"]
[Result "1/2-1/2"]
[WhiteElo "2022"]
[BlackElo "1998"]
[PlyCount "51"]
[EventDate "2014.??.??"]
[WhiteTeam "SV 1861 Liebschwitz"]
[BlackTeam "Ilmenauer SV"]

1. e4 c5 2. Nf3 d6 3. d4 cxd4 4. Nxd4 Nf6 5. Nc3 g6 6. Be3 Bg7 7. f3 Nc6 8. Qd2
O-O 9. O-O-O d5 10. Kb1 Nxd4 11. e5 Nf5 12. exf6 Bxf6 13. Nxd5 Qxd5 14. Qxd5
Nxe3 15. Qd2 Nxd1 16. Qxd1 Be6 17. Bb5 Rfd8 18. Qe2 Rd6 19. Rd1 Rad8 20. Rxd6
Rxd6 21. Ba4 Bc4 22. Qe1 Re6 23. Qd1 Rd6 24. Qe1 Re6 25. Qd1 Rd6 26. Qe1
1/2-1/2

[Event "Thüringenliga 2014/2015"]
[Site "?"]
[Date "2014.10.05"]
[Round "2"]
[White "Rempel, Patrick"]
[Black "Kastner, Peter"]
[Result "0-1"]
[WhiteElo "2020"]
[BlackElo "1974"]
[PlyCount "118"]
[EventDate "2014.??.??"]
[WhiteTeam "Ilmenauer SV"]
[BlackTeam "SV 1861 Liebschwitz"]

1. e4 c5 2. Nc3 d6 3. Nge2 Nf6 4. f4 Nc6 5. d3 e6 6. Be3 Be7 7. Ng3 a6 8. a4
Rb8 9. Be2 b5 10. axb5 axb5 11. O-O O-O 12. Kh1 b4 13. Na4 Nd4 14. c3 Nxe2 15.
Nxe2 c4 16. Ba7 Rb7 17. Bg1 Qc7 18. cxb4 Rxb4 19. Nec3 Bd7 20. d4 Bxa4 21. Rxa4
Rxb2 22. d5 Rc8 23. dxe6 fxe6 24. Ra7 Qd8 25. e5 dxe5 26. fxe5 Ne8 27. Qg4 Nc7
28. Qxc4 Nd5 29. Qg4 Rxc3 30. Qxe6+ Kh8 31. Rd7 Qa8 32. Ra1 Qg8 33. Qxg8+ Kxg8
34. Rxd5 Rc6 35. Rd7 Re6 36. h3 Re2 37. Bd4 Rd2 38. Ra4 Rxe5 39. Rb7 Rd1+ 40.
Bg1 Ree1 41. Rxe7 Rxe7 42. Kh2 Rd2 43. Rg4 Ree2 44. h4 Re6 45. Bd4 g6 46. h5
Rde2 47. hxg6 Rxg6 48. Rg3 Re4 49. Bf2 Rf4 50. Be1 Rh4+ 51. Kg1 Rxg3 52. Bxg3
Rg4 53. Bb8 h5 54. g3 Kf7 55. Kf2 Ke6 56. Ke3 Kf5 57. Bc7 Rc4 58. Bb8 Kg4 59.
Bd6 Rc2 0-1

[Event "Thüringenliga 2014/2015"]
[Site "?"]
[Date "2014.10.05"]
[Round "2"]
[White "Weiß, Werner"]
[Black "Sukaylo, Aleksey"]
[Result "0-1"]
[WhiteElo "2011"]
[BlackElo "1937"]
[PlyCount "79"]
[EventDate "2014.??.??"]
[WhiteTeam "SV 1861 Liebschwitz"]
[BlackTeam "Ilmenauer SV"]

1. e4 e5 2. Nf3 Nc6 3. Bc4 Bc5 4. O-O Nf6 5. d4 Bxd4 6. Nxd4 Nxd4 7. Bg5 Qe7 8.
Nc3 c6 9. Qd3 d6 10. f4 Be6 11. Rf2 Bxc4 12. Qxc4 Qe6 13. Qxe6+ Nxe6 14. fxe5
Ng4 15. Rf5 Nxe5 16. Be3 O-O 17. b3 Rfd8 18. h3 f6 19. Rd1 Rd7 20. Rf2 b6 21.
Rfd2 Rad8 22. a4 h5 23. Kf2 h4 24. Ke2 g5 25. Bd4 Nxd4+ 26. Rxd4 Kf7 27. b4 Ng6
28. Kf2 Nf4 29. Kf3 d5 30. exd5 cxd5 31. Kg4 Kg6 32. Rxf4 gxf4 33. Kxf4 Rc8 34.
Nxd5 Rxc2 35. Ke4 Rc4+ 36. Kf3 Kf7 37. g3 hxg3 38. Kxg3 Rxb4 39. Nxb4 Rxd1 40.
Nc6 0-1

[Event "Thüringenliga 2014/2015"]
[Site "?"]
[Date "2014.10.05"]
[Round "2"]
[White "Falk, Kristoffer"]
[Black "Frommelt, Hans-Jürgen"]
[Result "1-0"]
[WhiteElo "1826"]
[BlackElo "1967"]
[PlyCount "121"]
[EventDate "2014.??.??"]
[WhiteTeam "Ilmenauer SV"]
[BlackTeam "SV 1861 Liebschwitz"]

1. e4 c5 2. b3 d6 3. Bb2 Nd7 4. f4 e5 5. Bc4 exf4 6. Qg4 Ne5 7. Bb5+ Bd7 8.
Bxd7+ Qxd7 9. Qxf4 f6 10. Nf3 Ne7 11. Nc3 O-O-O 12. O-O-O Qg4 13. Qe3 Qe6 14.
Rhe1 N7c6 15. Nd5 Kb8 16. d4 Nxf3 17. gxf3 Be7 18. Nf4 Qf7 19. d5 Ne5 20. Ne6
Rc8 21. Rg1 Rhg8 22. f4 Nd7 23. e5 Nf8 24. Nxf8 Rcxf8 25. Qh3 g5 26. e6 Qg6 27.
f5 Qg7 28. Qh5 h6 29. Rg4 Qh7 30. Rf1 Rg7 31. Kd2 Rc8 32. a3 b6 33. Kd3 Qh8 34.
Rf3 Rh7 35. b4 Kb7 36. Rf1 Qe8 37. Qxe8 Rxe8 38. bxc5 bxc5 39. Rb1 Ka8 40. Bc3
Rb8 41. Rxb8+ Kxb8 42. Rg1 Bd8 43. h4 Be7 44. Ke3 Kc8 45. Kf3 Rg7 46. hxg5 hxg5
47. Rh1 Rg8 48. Kg4 Kd8 49. Rh7 Ke8 50. Rh6 Rf8 51. Rg6 a6 52. Kf3 Bd8 53. Ke2
Be7 54. Kd3 Bd8 55. Kc4 Be7 56. Kb3 Bd8 57. Ka4 Rh8 58. Kb3 Be7 59. Bxf6 Bxf6
60. Rxf6 Rg8 61. Rh6 1-0

[Event "Thüringenliga 2014/2015"]
[Site "?"]
[Date "2014.10.05"]
[Round "2"]
[White "Biel, Maik"]
[Black "Leuner, Klaus"]
[Result "1-0"]
[WhiteElo "1939"]
[BlackElo "1882"]
[PlyCount "57"]
[EventDate "2014.??.??"]
[WhiteTeam "SV 1861 Liebschwitz"]
[BlackTeam "Ilmenauer SV"]

1. d4 d5 2. Nf3 Nf6 3. c4 c6 4. e3 e6 5. Nc3 Bd6 6. Bd3 Nbd7 7. O-O O-O 8. e4
dxe4 9. Nxe4 Nxe4 10. Bxe4 Nf6 11. Bc2 Qc7 12. Bg5 Nd7 13. Qd3 g6 14. Rfe1 Re8
15. Bh4 b6 16. Rad1 Bf4 17. g3 Bh6 18. Ng5 Bg7 19. Qf3 Nf8 20. Ba4 Bb7 21. d5
exd5 22. Rxe8 Rxe8 23. cxd5 h6 24. d6 Qd7 25. Nxf7 g5 26. Bb3 Ne6 27. Bxg5 Qxf7
28. Qxf7+ Kxf7 29. d7 1-0

[Event "Thüringenliga 2014/2015"]
[Site "?"]
[Date "2014.10.05"]
[Round "2"]
[White "Müller, Julian"]
[Black "Müller, Berthold"]
[Result "0-1"]
[WhiteElo "1761"]
[BlackElo "1675"]
[PlyCount "46"]
[EventDate "2014.??.??"]
[WhiteTeam "Ilmenauer SV"]
[BlackTeam "SV 1861 Liebschwitz"]

1. e4 e5 2. Nf3 Nc6 3. Bc4 h6 4. c3 Nf6 5. d3 Be7 6. Nbd2 O-O 7. Nf1 d5 8. exd5
Nxd5 9. Ng3 a6 10. Bb3 Nf4 11. Bxf4 exf4 12. Ne2 Bd6 13. Qd2 Qf6 14. O-O g5 15.
h3 h5 16. Nh2 g4 17. hxg4 hxg4 18. Bd5 Kg7 19. c4 Rh8 20. Ng3 Qh4 21. Nxg4 Bxg4
22. f3 fxg3 23. Rfe1 Qh1# 0-1

[Event "Thüringenliga 2014/2015"]
[Site "?"]
[Date "2014.10.05"]
[Round "2"]
[White "Wegerich, Michael"]
[Black "Darr, Sascha"]
[Result "1/2-1/2"]
[WhiteElo "1919"]
[BlackElo "2105"]
[PlyCount "74"]
[EventDate "2014.??.??"]
[WhiteTeam "SV Ammern"]
[BlackTeam "SV Jenapharm Jena"]

1. e4 e5 2. Nf3 Nc6 3. Bc4 Bc5 4. O-O Nf6 5. d3 d6 6. h3 a6 7. c3 Ba7 8. Re1
Qe7 9. Nbd2 Be6 10. Bxe6 fxe6 11. Nf1 O-O 12. Ng3 Qf7 13. Qe2 Nh5 14. Nxh5 Qxh5
15. Be3 Bxe3 16. fxe3 Rf6 17. Nh2 Qxe2 18. Rxe2 Raf8 19. Rf1 Rxf1+ 20. Nxf1 Nb8
21. Nd2 Nd7 22. d4 exd4 23. exd4 e5 24. Nf3 Re8 25. Kf2 Re7 26. b3 Kf8 27. d5
Ke8 28. Ke3 Nf8 29. c4 Ng6 30. Rc2 Nf4 31. g3 Ng6 32. c5 Kd8 33. cxd6 cxd6 34.
Ng5 Nf8 35. Rf2 Ke8 36. Rc2 Kd8 37. Rf2 Ke8 1/2-1/2

[Event "Thüringenliga 2014/2015"]
[Site "?"]
[Date "2014.10.05"]
[Round "2"]
[White "Wicklein, Stefan"]
[Black "Schorch, Rüdiger"]
[Result "1/2-1/2"]
[WhiteElo "1972"]
[BlackElo "1887"]
[PlyCount "81"]
[EventDate "2014.??.??"]
[WhiteTeam "SV Jenapharm Jena"]
[BlackTeam "SV Ammern"]

1. d4 d5 2. c4 c6 3. cxd5 cxd5 4. Nf3 Nc6 5. Nc3 e6 6. Bf4 a6 7. e3 Bd6 8. Bxd6
Qxd6 9. Be2 Nf6 10. O-O O-O 11. Na4 Ne4 12. Rc1 Rb8 13. Qc2 Bd7 14. Nc5 Nxc5
15. Qxc5 Qxc5 16. Rxc5 Rfc8 17. Rfc1 f6 18. Ne1 Kf7 19. Nd3 Ke7 20. Bg4 Kd6 21.
Kf1 b6 22. R5c3 Ne7 23. Ke1 Rxc3 24. Rxc3 Nc6 25. f4 Rc8 26. Rb3 Rb8 27. Nb4
Nxb4 28. Rxb4 g6 29. Rb3 Bb5 30. Rc3 a5 31. Bf3 Bc6 32. Be2 Ra8 33. Kd2 Rb8 34.
Rc1 Ra8 35. h4 Rg8 36. g4 h5 37. Rg1 hxg4 38. Rxg4 Be8 39. h5 Bf7 40. hxg6 Rxg6
41. Rxg6 1/2-1/2

[Event "Thüringenliga 2014/2015"]
[Site "?"]
[Date "2014.10.05"]
[Round "2"]
[White "Kampfhenkel, Ulrich"]
[Black "August, Daniel"]
[Result "1/2-1/2"]
[WhiteElo "1934"]
[BlackElo "1985"]
[PlyCount "64"]
[EventDate "2014.??.??"]
[WhiteTeam "SV Ammern"]
[BlackTeam "SV Jenapharm Jena"]

1. e4 d6 2. d4 Nf6 3. Nc3 e5 4. dxe5 dxe5 5. Qxd8+ Kxd8 6. Nf3 Bd6 7. Bg5 Be6
8. O-O-O Kc8 9. Be2 Ng4 10. Bh4 f6 11. h3 Nh6 12. Nd5 Nf7 13. Bc4 Re8 14. Bg3
Nd7 15. Nh4 c6 16. Ne3 Bc5 17. Nhf5 Bf8 18. Bxe6 Rxe6 19. Nc4 g6 20. Nfe3 b5
21. Nd2 a5 22. f3 a4 23. h4 Nd6 24. h5 g5 25. Nf5 Nxf5 26. exf5 Rd6 27. Ne4
Rxd1+ 28. Rxd1 Be7 29. Bf2 Kc7 30. g4 h6 31. c3 Ra5 32. Kc2 Ra8 1/2-1/2

[Event "Thüringenliga 2014/2015"]
[Site "?"]
[Date "2014.10.05"]
[Round "2"]
[White "Salaske, Peter"]
[Black "Zipfel, Frank"]
[Result "0-1"]
[WhiteElo "1844"]
[BlackElo "1978"]
[PlyCount "80"]
[EventDate "2014.??.??"]
[WhiteTeam "SV Ammern"]
[BlackTeam "SV Jenapharm Jena"]

1. d4 Nf6 2. Nf3 d6 3. Nc3 c6 4. e4 Qa5 5. Bd2 e5 6. dxe5 dxe5 7. Nd5 Qd8 8.
Nxf6+ Qxf6 9. Bg5 Qd6 10. Qxd6 Bxd6 11. Rd1 Bc7 12. Bc4 Nd7 13. O-O h6 14. Bh4
g5 15. Bg3 Ke7 16. Rd2 f6 17. Ne1 b5 18. Be2 Bb6 19. c3 Nc5 20. Nc2 Nxe4 21.
Rdd1 Bf5 22. Nb4 Rac8 23. Bf3 a5 24. Nd3 Rcd8 25. Bxe4 Bxe4 26. Nxe5 Rxd1 27.
Rxd1 fxe5 28. Re1 Rd8 29. Bxe5 Kf7 30. h4 Bd5 31. Bg3 Bxa2 32. hxg5 hxg5 33.
Re5 Rd1+ 34. Kh2 Rd5 35. Re1 Rd2 36. b4 a4 37. f3 Bd5 38. Kh3 Be6+ 39. Kh2 a3
40. Be5 a2 0-1

[Event "Thüringenliga 2014/2015"]
[Site "?"]
[Date "2014.10.05"]
[Round "2"]
[White "Heunemann, Dieter"]
[Black "Kurze, Christoph"]
[Result "0-1"]
[WhiteElo "1894"]
[BlackElo "1801"]
[PlyCount "68"]
[EventDate "2014.??.??"]
[WhiteTeam "SV Jenapharm Jena"]
[BlackTeam "SV Ammern"]

1. d4 Nf6 2. c4 e6 3. Nc3 Bb4 4. Bd2 c5 5. e3 Nc6 6. Nf3 O-O 7. Bd3 d5 8. a3
cxd4 9. exd4 dxc4 10. Bxc4 Be7 11. Bf4 Nd5 12. Bg3 Qa5 13. Bxd5 exd5 14. O-O
Bg4 15. b4 Qd8 16. Ra2 Rc8 17. Ne2 Bxf3 18. gxf3 a6 19. Rd2 Qd7 20. Be5 f6 21.
Bg3 Qf5 22. Qb3 Rfd8 23. Qd3 Qxd3 24. Rxd3 Na7 25. Nc3 Rc4 26. Re1 Kf7 27. Bf4
g5 28. Bd2 Nc6 29. Ne2 Rc8 30. Nc3 Rxd4 31. Ree3 Rxd3 32. Rxd3 d4 33. Ne2 Ne5
34. Rb3 Rc2 0-1

[Event "Thüringenliga 2014/2015"]
[Site "?"]
[Date "2014.10.05"]
[Round "2"]
[White "Hensel, Thomas"]
[Black "Mißbach, Bernd"]
[Result "0-1"]
[WhiteElo "1482"]
[BlackElo "1964"]
[PlyCount "98"]
[EventDate "2014.??.??"]
[WhiteTeam "SV Ammern"]
[BlackTeam "SV Jenapharm Jena"]

1. c4 g6 2. Nc3 Bg7 3. g3 c5 4. Bg2 Nc6 5. d3 Nf6 6. Nf3 O-O 7. O-O d6 8. Rb1
a5 9. Bd2 Bf5 10. Nb5 Na7 11. a4 Nc6 12. Re1 Qd7 13. Qc1 Bh3 14. Bh1 Rac8 15.
Bh6 b6 16. Bxg7 Kxg7 17. Ng5 h6 18. Nxh3 Qxh3 19. Bg2 Qd7 20. f4 e6 21. e4 Nd4
22. Nxd4 cxd4 23. Qd1 e5 24. fxe5 dxe5 25. Bf3 h5 26. b4 axb4 27. Rxb4 Rc6 28.
Rb5 Qc7 29. Qb3 Nd7 30. Ra1 Nc5 31. Qb1 Ra8 32. Bd1 Qd8 33. Ra2 h4 34. Rab2
hxg3 35. hxg3 Ra6 36. Kg2 Qg5 37. Rf2 Rf6 38. Rxf6 Qxf6 39. Rb2 Qc6 40. Kg1
Nxa4 41. Bxa4 Qxa4 42. Rb5 f6 43. Rxb6 Rxb6 44. Qxb6 Qd1+ 45. Kf2 Qd2+ 46. Kg1
Qxd3 47. c5 Qxg3+ 48. Kf1 Qf3+ 49. Kg1 d3 0-1

[Event "Thüringenliga 2014/2015"]
[Site "?"]
[Date "2014.10.05"]
[Round "2"]
[White "Kloß, Thomas"]
[Black "Dawydow, Julius"]
[Result "1-0"]
[WhiteElo "1905"]
[BlackElo "1483"]
[PlyCount "73"]
[EventDate "2014.??.??"]
[WhiteTeam "SV Jenapharm Jena"]
[BlackTeam "SV Ammern"]

1. Nf3 e6 2. d4 d5 3. g3 Nf6 4. Bg2 c5 5. O-O Be7 6. c4 O-O 7. dxc5 Bxc5 8. Qc2
Qb6 9. Nc3 Bd7 10. cxd5 exd5 11. Bg5 Ng4 12. e3 Be6 13. Na4 Qc6 14. Qxc5 Qxa4
15. h3 Nd7 16. Qd6 Ngf6 17. Nd4 Rfe8 18. Rfc1 Ne4 19. Bxe4 dxe4 20. b3 Qa5 21.
Nxe6 fxe6 22. Qxd7 Qxg5 23. Qxb7 Qf5 24. Rc7 Rf8 25. Rxg7+ Kh8 26. Rf1 Rad8 27.
Rg4 Rf7 28. Qxe4 Rd2 29. Qxf5 Rxf5 30. Ra4 a5 31. g4 Rc5 32. Kg2 Kg7 33. Kg3
Kg6 34. Kf4 h5 35. Ke4 hxg4 36. hxg4 Kg5 37. Kf3 1-0

[Event "Thüringenliga 2014/2015"]
[Site "?"]
[Date "2014.10.05"]
[Round "2"]
[White "Steinacker, Alex"]
[Black "Wehner, Janis"]
[Result "1/2-1/2"]
[WhiteElo "2152"]
[BlackElo "2167"]
[PlyCount "39"]
[EventDate "2014.??.??"]

1. Nf3 c5 2. c4 Nc6 3. Nc3 g6 4. g3 Bg7 5. Bg2 d6 6. O-O Nf6 7. a3 O-O 8. Rb1
Be6 9. d3 Rc8 10. e4 Bg4 11. h3 Bxf3 12. Bxf3 Nd4 13. Bg2 Nd7 14. Be3 Ne5 15.
b4 b6 16. b5 e6 17. Kh1 Nef3 18. Rc1 Qf6 19. Bf4 Ne5 20. Be3 1/2-1/2

[Event "Thüringenliga 2014/2015"]
[Site "?"]
[Date "2014.10.05"]
[Round "2"]
[White "Holzschuh, Stephan"]
[Black "Troyke, Christian"]
[Result "1/2-1/2"]
[WhiteElo "2220"]
[BlackElo "2319"]
[PlyCount "40"]
[EventDate "2014.??.??"]

1. c4 g6 2. Nc3 Bg7 3. g3 Nf6 4. Bg2 O-O 5. d4 d6 6. Nf3 Nbd7 7. O-O e5 8. e3
Re8 9. b3 exd4 10. exd4 d5 11. Bf4 c6 12. cxd5 Nxd5 13. Nxd5 cxd5 14. Re1 Rxe1+
15. Qxe1 Nf8 16. Rc1 Ne6 17. Be3 Qd6 18. Qd2 b6 19. Ng5 a5 20. h4 Nxg5 1/2-1/2

[Event "Thüringenliga 2014/2015"]
[Site "?"]
[Date "2014.10.05"]
[Round "2"]
[White "Brüggemann, Joachim"]
[Black "Kirschbaum, Gunnar"]
[Result "0-1"]
[WhiteElo "2198"]
[BlackElo "2133"]
[PlyCount "74"]
[EventDate "2014.??.??"]

1. e4 d6 2. d4 Nf6 3. Nc3 Nbd7 4. Nf3 e5 5. Bc4 Be7 6. O-O O-O 7. Bg5 c6 8.
Bxf6 Bxf6 9. d5 Be7 10. a4 a5 11. Nd2 Nf6 12. Be2 cxd5 13. exd5 Ne8 14. Nb5 Bd7
15. b4 axb4 16. Qb1 Nc7 17. Nxc7 Qxc7 18. Qxb4 Qxc2 19. a5 Bg5 20. Ne4 Qxe2 21.
Nxg5 Bb5 22. Rfc1 Rac8 23. Ne4 Rc4 24. Rxc4 Qxc4 25. Rb1 Qxb4 26. Rxb4 Ba6 27.
f3 Rd8 28. Rb6 Kf8 29. Kf2 Ke7 30. g4 f6 31. Ke3 g6 32. h4 h6 33. Ng3 Rc8 34.
h5 gxh5 35. Nf5+ Kf8 36. gxh5 Rc2 37. Rxd6 Re2# 0-1

[Event "Thüringenliga 2014/2015"]
[Site "?"]
[Date "2014.10.05"]
[Round "2"]
[White "Reichel, Norbert"]
[Black "Vökler, Bernd"]
[Result "0-1"]
[WhiteElo "2037"]
[BlackElo "2246"]
[PlyCount "54"]
[EventDate "2014.??.??"]

1. d4 Nf6 2. Nf3 g6 3. c4 Bg7 4. g3 c6 5. Bg2 d5 6. O-O Ne4 7. cxd5 cxd5 8. Ne5
Nd7 9. Nxd7 Qxd7 10. f3 Nd6 11. Nc3 Nb5 12. Nxb5 Qxb5 13. b3 O-O 14. Bb2 Be6
15. Qd2 Rac8 16. Rac1 Qa6 17. a3 b6 18. Rfd1 Qb5 19. b4 Qa4 20. Rxc8 Rxc8 21.
Rc1 Qb3 22. Rxc8+ Bxc8 23. e4 dxe4 24. fxe4 Ba6 25. Kf2 Bh6 26. Qc3 Qd1 27. b5
Bxb5 0-1

[Event "Thüringenliga 2014/2015"]
[Site "?"]
[Date "2014.10.05"]
[Round "2"]
[White "Duzy, Stefan"]
[Black "Müller-Ludwig, Kristin"]
[Result "1/2-1/2"]
[WhiteElo "1944"]
[BlackElo "1992"]
[PlyCount "46"]
[EventDate "2014.??.??"]

1. d4 Nf6 2. c4 g6 3. Nf3 Bg7 4. Nc3 O-O 5. Bg5 d6 6. e3 Na6 7. Be2 Qe8 8. a3
c6 9. O-O Nc7 10. b4 h6 11. Bh4 Bf5 12. Nd2 d5 13. Bg3 Qd8 14. Be5 dxc4 15.
Nxc4 Ncd5 16. Nxd5 cxd5 17. Nd2 Rc8 18. Rc1 Rxc1 19. Qxc1 Qd7 20. Qb2 Rc8 21.
Rc1 Ne4 22. Bxg7 Kxg7 23. Nxe4 Bxe4 1/2-1/2

[Event "Thüringenliga 2014/2015"]
[Site "?"]
[Date "2014.10.05"]
[Round "2"]
[White "Jakob, Matthias"]
[Black "Burkhardt, Kai"]
[Result "1/2-1/2"]
[WhiteElo "1931"]
[BlackElo "1756"]
[PlyCount "111"]
[EventDate "2014.??.??"]

1. d4 d5 2. Nf3 Nf6 3. e3 Bf5 4. c4 c6 5. Nc3 e6 6. Ne5 Nbd7 7. cxd5 exd5 8. g4
Be6 9. Nxd7 Nxd7 10. Be2 Qh4 11. e4 Nf6 12. exd5 Nxd5 13. Ne4 Be7 14. Nc5 Bxc5
15. dxc5 Rd8 16. Qa4 O-O 17. O-O f5 18. Qxa7 fxg4 19. Qxb7 Nf4 20. Bxf4 Rxf4
21. Rad1 Bd5 22. b3 Rf7 23. Qb4 h5 24. Bc4 g3 25. fxg3 Rxf1+ 26. Rxf1 Qd4+ 27.
Rf2 Kh8 28. Qd2 Bxc4 29. Qxd4 Rxd4 30. bxc4 Rxc4 31. Rf5 g6 32. Rf6 Rxc5 33.
Rxg6 Kh7 34. Rd6 Rc1+ 35. Kg2 Rc2+ 36. Kh3 Rxa2 37. Rxc6 Rf2 38. Ra6 Kg7 39.
Ra4 Kh6 40. Rf4 Re2 41. g4 hxg4+ 42. Rxg4 Re1 43. Kh4 Rh1 44. h3 Re1 45. Ra4
Rh1 46. Ra6+ Kg7 47. Kg4 Rg1+ 48. Kh5 Rd1 49. Rg6+ Kh7 50. Rg5 Rd6 51. h4 Rc6
52. Rd5 Kg7 53. Rg5+ Kh7 54. Ra5 Kg7 55. Ra7+ Kg8 56. Rb7 1/2-1/2